000
00318nam a2200109Ia 4500
008
171204s9999 xx 000 0 und d
245
_a
Episcopal Appointments in England, c. 1214–1344:
245
_c
Katherine Harvey
260
_c
2014
650
_x
History
856
_u
http://down.ebook777.com/063/9781409456155.pdf
999
_c
345547
_d
345547